000 01008nam a2200241Ia 4500
001 813-TUR sc pr (15608)
003 IT-MiSPE
008 171229s9999||||xx |||||||||||||| ||und||
040 _aIT-MiSPE
_cIT-MiSPE
041 _aITALIANO
100 _aScott Turow
240 _aPresumed innocent
245 0 _aPresunto innocente
250 _a1a ed. (v)
260 _aMilano
_bMondadori
_c1987
300 _a285 p.
_c19 cm
490 _aOscar bestsellers
501 _aEdizioni San Paolo srl - Piazza Soncino, 5 - 20092 CINISELLO BALSAMO (MI) (non commercial uses only) ® Copyright 2018
700 _aRoberta Rambelli
_g(traduzione)
942 _cBK
957 _71
999 _a1985
_bNO
_g Copie: 1
_c352693
_d352693